Loading...
| History - American | 2 | 2 | 0 | 0 | 50 | 56 | 94.00 | 1 | 2 | 10.94 | 23.74 |
| Modern World | 1 | 2 | 1 | 0 | 30 | 36 | 79.67 | 0 | 1 | 21.36 | 30.68 |
| History - World | 0 | 3 | 0 | 1 | 30 | 95 | 121.33 | 0 | 0 | 3.97 | 11.40 |
| History - European | 1 | 1 | 0 | 0 | 25 | 47 | 73.50 | 0 | 1 | 7.31 | 12.36 |
| History - Other | 1 | 1 | 0 | 1 | 25 | 56 | 104.00 | 1 | 1 | 4.72 | 8.33 |
| Social Science | 0 | 2 | 0 | 1 | 20 | 108 | 128.50 | 0 | 1 | 1.75 | 5.84 |
| Fine Arts - Other Arts | 1 | 0 | 0 | 0 | 15 | 73 | 73.00 | 1 | 1 | 4.33 | 7.69 |
| Other Academic | 0 | 2 | 1 | 0 | 15 | 90 | 104.00 | 1 | 1 | 9.37 | 23.33 |
| Other Culture | 1 | 0 | 0 | 0 | 15 | 89 | 89.00 | 0 | 0 | 11.01 | 16.67 |
| Religion | 1 | 1 | 2 | 0 | 15 | 61 | 78.50 | 0 | 2 | 6.46 | 14.23 |
| Mythology | 0 | 1 | 0 | 0 | 10 | 145 | 145.00 | 0 | 0 | 1.09 | 5.71 |
| Literature - World | 0 | 1 | 0 | 0 | 10 | 130 | 130.00 | 0 | 0 | 1.59 | 5.64 |
| Geography | 0 | 1 | 0 | 1 | 10 | 145 | 145.00 | 0 | 0 | 0.00 | 6.67 |
| Philosophy | 0 | 0 | 0 | 0 | 0 | 0.00 | 0 | 0 | 0.00 | 0.00 | |
| Science - Biology | 0 | 0 | 0 | 0 | 0 | 0.00 | 0 | 0 | 0.00 | 0.00 | |
| Literature - European | 0 | 0 | 1 | 0 | -5 | 0.00 | 0 | 0 | 0.00 | 0.00 | |
| Literature - American | 0 | 0 | 1 | 0 | -5 | 0.00 | 0 | 0 | 0.00 | 0.00 |